LIBRARY & INFORMATION CENTRE, KCAET, TAVANUR

ONLINE PUBLIC ACCESS CATALOGUE (OPAC)

Compact guide to Microsoft office / (Record no. 9089)

MARC details
000 -LEADER
fixed length control field 00442cam a2200169ua 4500
020 ## - INTERNATIONAL STANDARD BOOK NUMBER
ISBN 81-7029-373-1
041 ## - LANGUAGE CODE
Language code of text/sound track or separate title eng
082 ## - DEWEY DECIMAL CLASSIFICATION NUMBER
Classification number 005.369
Item number MAN/CO
100 ## - MAIN ENTRY--AUTHOR NAME
Personal name Mansfield, Ron .
245 ## - TITLE STATEMENT
Title Compact guide to Microsoft office /
260 ## - PUBLICATION, DISTRIBUTION, ETC. (IMPRINT)
Place of publication New Delhi :
Name of publisher BPB Publications ,
Year of publication 1994.
300 ## - PHYSICAL DESCRIPTION
Number of Pages 780 ; .
942 ## - ADDED ENTRY ELEMENTS (KOHA)
Koha item type Books
Holdings
Withdrawn status Lost status Damaged status Home library Current library Date acquired Full call number Accession Number Koha item type
      KAUAET KAUAET 07/04/2012 005.369 19366 Books
free website counter